000 00847nam a22002537a 4500
008 150722b xxu||||| |||| 00| 0 alb d
020 _a9789995673635
041 0 _aalb
080 _a32
_x(4/9)
100 _aShiveley, W. Phillips ;
245 _aHyrje në shkencat politike :
_cW. Phillips Shiveley.
260 _aTiranë :
_bACFR,
_c2010.
300 _aXIII,581 f. :
_bme il. ;
_c23 cm.
490 _aBiblioteka e Marrëdhënieve Ndërkombëtare dhe Historisë
500 _aTit. origj.: Power & choice : an introduction to political science.
500 _aParathënie: f. XV
505 _aIndex: f. 560-581
650 0 _aPolitika botërore
650 0 _aPushteti (Shkenca shoqërore)
650 0 _aZgjedhje
650 0 _aParti politike
650 0 _aMarrëdhënie ndërkombëtare
942 _2udc
_cBK
999 _c1139
_d1139